DELHI KITCHEN (Record no. 8116)

MARC details
000 -LEADER
fixed length control field 00325nam a22001457a 4500
020 ## - INTERNATIONAL STANDARD BOOK NUMBER
International Standard Book Number 978-81-7436--1967
082 ## - DEWEY DECIMAL CLASSIFICATION NUMBER
Classification number 641.5
Item number LUS
100 ## - MAIN ENTRY--PERSONAL NAME
Personal name LUSTRE PRESS
245 ## - TITLE STATEMENT
Title DELHI KITCHEN
260 ## - PUBLICATION, DISTRIBUTION, ETC. (IMPRINT)
Place of publication, distribution, etc DELHI
Name of publisher, distributor, etc LUSTER PRESS PUBLISHER
Year of Publication 2015
300 ## - PAGE DESCRIPTION
No. of Pages 96
650 ## - SUBJECT ADDED ENTRY--TOPICAL TERM
Topical term or geographic name as entry element HOTEL MANAGEMENT
653 ## - KEYWORDS--INDEX TERM
Keyword term KITCHEN
942 ## - ADDED ENTRY ELEMENTS (KOHA)
Source of classification or shelving scheme Dewey Decimal Classification
Koha item type Books
Holdings
Withdrawn status Lost status Source of classification or shelving scheme Damaged status Not for loan Collection code Home library Current library Shelving location Date acquired Vendor Name SGTU Bill Number Full call number Accession No. (Barcode) Date last seen Bill Date Koha item type Total Checkouts Date last borrowed
    Dewey Decimal Classification   Not For Loan HOTEL MANAGEMENT SGT Science & Social Sciences Library SGT Science & Social Sciences Library Reference Book 13/10/2015 JINDAL BOOK SERVICE SGTU 1775 641.5 LUS HM646 13/10/2015 07/09/2015 Books    
    Dewey Decimal Classification   Not For Loan HOTEL MANAGEMENT SGT Science & Social Sciences Library SGT Science & Social Sciences Library Reference Book 13/10/2015 JINDAL BOOK SERVICE SGTU 1775 641.5 LUS HM647 13/10/2015 07/09/2015 Books    
    Dewey Decimal Classification   Not For Loan HOTEL MANAGEMENT SGT Science & Social Sciences Library SGT Science & Social Sciences Library Reference Book 13/10/2015 JINDAL BOOK SERVICE SGTU 1775 641.5 LUS HM648 25/05/2017 07/09/2015 Books 1 23/05/2017
    Dewey Decimal Classification   Not For Loan HOTEL MANAGEMENT SGT Science & Social Sciences Library SGT Science & Social Sciences Library Reference Book 13/10/2015 JINDAL BOOK SERVICE SGTU 1775 641.5 LUS HM649 13/10/2015 07/09/2015 Books    
    Dewey Decimal Classification   Not For Loan HOTEL MANAGEMENT SGT Science & Social Sciences Library SGT Science & Social Sciences Library Reference Book 13/10/2015 JINDAL BOOK SERVICE SGTU 1775 641.5 LUS HM650 13/10/2015 07/09/2015 Books